| 000 | 01195nam a2200349 i 4500 | ||
|---|---|---|---|
| 001 | 200464440 | ||
| 003 | TR-AnTOB | ||
| 005 | 20250520150722.0 | ||
| 007 | ta | ||
| 008 | 250520s2025 tu b 001 0 tur d | ||
| 020 |
_a9786259996981 _q(paperback) |
||
| 035 | _a(TR-AnTOB)200464440 | ||
| 040 |
_aTR-AnTOB _beng _erda _cTR-AnTOB |
||
| 041 | 0 | _atur | |
| 050 | 1 | 4 |
_aKKX3492 _b.A97 2025 |
| 090 |
_aKKX3492 _b.A97 2025 |
||
| 100 | 1 |
_aAvşar, B. Zakir _d1967- _eauthor _960061 |
|
| 245 | 0 |
_aRadyo ve televizyon hukuku : _bidari, cezai ve hukuki sorumluluk / _cProf. Dr. Zakir Avşar, Av. Doç. Dr. Sami Narter. |
|
| 250 | _aBirinci baskı. | ||
| 264 | 1 |
_aAnkara : _bRadyo ve Televizyon Üst Kurulu ; _bAdalet Yayınevi, _c2025. |
|
| 300 |
_a583 pages ; _c24 cm |
||
| 336 |
_atext _btxt _2rdacontent |
||
| 337 |
_aunmediated _bn _2rdamedia |
||
| 338 |
_avolume _bnc _2rdacarrier |
||
| 504 | _aBIBINDX | ||
| 650 | 0 |
_aRadyo _xHukuk ve mevzuat _zTürkiye _960064 |
|
| 650 | 7 |
_aTelevizyon _xHukuk ve mevzuat _zTürkiye _2etuturkob _960065 |
|
| 700 | 1 |
_aNarter, Sami _eauthor _9148838 |
|
| 710 | 2 |
_aRadyo ve Televizyon Üst Kurulu _eissuing body _9112647 |
|
| 942 |
_2lcc _cBK |
||
| 999 |
_c200464440 _d82652 |
||